Para llenar de días el día / (Record no. 5797)
[ view plain ]
| 000 -CABECERA | |
|---|---|
| campo de control de longitud fija | 00724cam a2200229 a 4500 |
| 001 - NÚMERO DE CONTROL | |
| campo de control | 000006001 |
| 005 - FECHA Y HORA DE LA ÚLTIMA TRANSACCIÓN | |
| campo de control | 20200929151859.0 |
| 008 - DATOS DE LONGITUD FIJA--INFORMACIÓN GENERAL | |
| campo de control de longitud fija | 850422s1985 pr a 001 p spa d |
| 020 ## - NÚMERO INTERNACIONAL ESTÁNDAR DEL LIBRO | |
| Número Internacional Estándar del Libro | 0940238802 |
| 040 ## - FUENTE DE LA CATALOGACIÓN | |
| Centro catalogador/agencia de origen | DO-SdBNP |
| Lengua de catalogación | spa |
| Centro/agencia transcriptor | LC |
| Centro/agencia modificador | BNPHU |
| 082 ## - NÚMERO DE LA CLASIFICACIÓN DECIMAL DEWEY | |
| Número de clasificación | PR861.44 |
| Número de documento/Ítem | C796p |
| 049 ## - FONDOS LOCALES (OCLC) | |
| Fondos de biblioteca | BNGR |
| 100 1# - ENTRADA PRINCIPAL--NOMBRE DE PERSONA | |
| Nombre de persona | Córdova Iturregui, Félix, |
| Fechas asociadas al nombre | 1944- |
| 9 (RLIN) | 16903 |
| 245 10 - MENCIÓN DE TÍTULO | |
| Título | Para llenar de días el día / |
| Mención de responsabilidad, etc. | Félix Córdova Iturregui. |
| 260 ## - PUBLICACIÓN, DISTRIBUCIÓN, ETC. | |
| Lugar de publicación, distribución, etc. | Río Piedras, Puerto Rico : |
| Nombre del editor, distribuidor, etc. | Huracán, |
| Fecha de publicación, distribución, etc. | 1985. |
| 300 ## - DESCRIPCIÓN FÍSICA | |
| Extensión | 56 p. : |
| Otras características físicas | il. ; |
| Dimensiones | 20 cm. |
| 490 1# - MENCIÓN DE SERIE | |
| Mención de serie | La Flor del Agua |
| 650 #4 - PUNTO DE ACCESO ADICIONAL DE MATERIA--TÉRMINO DE MATERIA | |
| Término de materia o nombre geográfico como elemento de entrada | Poesía puertorriqueña |
| 9 (RLIN) | 1015 |
| 650 #4 - PUNTO DE ACCESO ADICIONAL DE MATERIA--TÉRMINO DE MATERIA | |
| Término de materia o nombre geográfico como elemento de entrada | Literatura puertorriqueña |
| 9 (RLIN) | 250 |
| 830 #0 - PUNTO DE ACCESO ADICIONAL DE SERIE-TÍTULO UNIFORME | |
| Título uniforme | La Flor del Agua |
| 9 (RLIN) | 16904 |
| 910 ## - DATOS DE OPCIÓN DEL USUARIO (OCLC) | |
| Datos de opción del usuario | Catalogación por copia / LC |
| Estado de retiro | Estado de pérdida | Restricciones de uso | No para préstamo | Código de colección | Localización permanente | Ubicación/localización actual | Ubicación en estantería | Fecha de adquisición | Número de inventario | Total de préstamos | Signatura topográfica completa | Código de barras | Fecha visto por última vez | Precio válido a partir de | Tipo de ítem Koha |
|---|---|---|---|---|---|---|---|---|---|---|---|---|---|---|---|
| Monografías: Libros y Folletos | Patrimonio Dominicano | Patrimonio Dominicano | Orden iniciada | 25.02.2011 | LF1 | PR861.44 C796p | 6001-30 | 25.06.2020 | 25.06.2020 | No se presta |
